Literary theory : (Record no. 1890)
[ view plain ]
| 000 -LEADER | |
|---|---|
| fixed length control field | 00622cam a2200205 a 4500 |
| 001 - CONTROL NUMBER | |
| control field | 16974646 |
| 005 - DATE AND TIME OF LATEST TRANSACTION | |
| control field | 20241202115735.0 |
| 008 - FIXED-LENGTH DATA ELEMENTS--GENERAL INFORMATION | |
| fixed length control field | 110923s2011 enka b 001 0 eng d |
| 020 ## - INTERNATIONAL STANDARD BOOK NUMBER | |
| International Standard Book Number | 9780199691340 (pbk.) |
| 020 ## - INTERNATIONAL STANDARD BOOK NUMBER | |
| International Standard Book Number | 0199691347 (pbk.) |
| 050 00 - LIBRARY OF CONGRESS CALL NUMBER | |
| Classification number | PN81 |
| Item number | .C857 2011 |
| 082 04 - DEWEY DECIMAL CLASSIFICATION NUMBER | |
| Classification number | 801.95 |
| Edition information | 22 |
| 100 1# - MAIN ENTRY--PERSONAL NAME | |
| Personal name | Culler, Jonathan D. |
| 245 10 - TITLE STATEMENT | |
| Title | Literary theory : |
| Remainder of title | a very short introduction / |
| Statement of responsibility, etc. | Jonathan Culler. |
| 250 ## - EDITION STATEMENT | |
| Edition statement | 2nd ed., fully updated new ed. |
| 260 ## - PUBLICATION, DISTRIBUTION, ETC. | |
| Place of publication, distribution, etc. | Oxford ; |
| -- | New York : |
| Name of publisher, distributor, etc. | Oxford University Press, |
| Date of publication, distribution, etc. | c2011. |
| 300 ## - PHYSICAL DESCRIPTION | |
| Extent | xiv, 165 p. : |
| Other physical details | ill. ; |
| Dimensions | 18 cm. |
| 650 #0 - SUBJECT ADDED ENTRY--TOPICAL TERM | |
| Topical term or geographic name entry element | Criticism. |
| 942 ## - ADDED ENTRY ELEMENTS (KOHA) | |
| Source of classification or shelving scheme | Library of Congress Classification |
| Koha item type | Books |
| Suppress in OPAC | No |
| 999 ## - | |
| -- | 1890 |
| -- | 1890 |
| Withdrawn status | Lost status | Source of classification or shelving scheme | Damaged status | Not for loan | Collection | Home library | Current library | Shelving location | Date acquired | Total checkouts | Full call number | Barcode | Date last seen | Copy number | Price effective from | Koha item type |
|---|---|---|---|---|---|---|---|---|---|---|---|---|---|---|---|---|
| Library of Congress Classification | Non-fiction | Business Library (Miotso) | Business Library (Miotso) | General stacks | 03/27/2026 | PN81 .C857 CUL | BSSM00003696 | 04/23/2026 | 1 | 03/27/2026 | Books | |||||
| Library of Congress Classification | Non-fiction | Business Library (Miotso) | Business Library (Miotso) | General stacks | 03/27/2026 | PN81 .C857 CUL | BSSM00003737 | 04/23/2026 | 4 | 03/27/2026 | Books | |||||
| Library of Congress Classification | Non-fiction | Undergraduate Library (Christ Temple) | Undergraduate Library (Christ Temple) | General stacks | 12/02/2024 | PN81.C857 CUL | ulct00000468 | 12/02/2024 | 2 | 12/02/2024 | Books | |||||
| Library of Congress Classification | Non-fiction | Undergraduate Library (Christ Temple) | Undergraduate Library (Christ Temple) | General stacks | 12/02/2024 | PN81.C857 CUL | ulct00000469 | 12/02/2024 | 3 | 12/02/2024 | Books |